000 00524 a2200205 4500
001 108286
020 _a9788586218354
041 _apor
090 _aP Year 1 028
092 _a2007312576
250 _a. ed.
300 _a1 v. (unpaged)
697 _aAmizade.
856 _u000017/000017c8.jpg
040 _aBR-BrIDEA
_cBR-BrIDEA
100 _aBibian, Simone
_d1966
245 1 0 _aO menino, o cachorro
_bO cachorro, o menino
_c Simone Bibian
260 _a[S.l.]
_bManati Produções Editoriais
_c2006
942 _cBK
999 _c108286
_d108286